| 000 | 01402nam a2200337 i 4500 | ||
|---|---|---|---|
| 001 | 179875 | ||
| 003 | ES-MaACL | ||
| 005 | 20230927124753.0 | ||
| 008 | 120216s2008 sp ac |||| |bspa d | ||
| 020 | _a978-84-612-8072-8 | ||
| 080 | _a929 Balbontín, José Antonio | ||
| 080 | _a94(460)"1902/1931"(093.3) | ||
| 080 | _a94(460)"1931/39"(093.3) | ||
| 100 | 1 |
_aBalbontín, José Antonio, _d1893-1977 _924853 |
|
| 245 | 1 | 3 |
_aLa España de mi experiencia _b: reminiscencias y esperanzas de un español en el exilio / _cJosé Antonio Balbontín ; introducción de Javier Rubiales Torrejón ; prólogo de Aitor L. Larrabide. |
| 250 | _a2ª ed. | ||
| 260 |
_aSevilla : _bCentro de Estudios Andaluces, _c2008. |
||
| 300 |
_aLI, 338 p. : _bretr. ; _c23 cm. |
||
| 490 | 1 | _aHistoria | |
| 600 | 1 | 4 |
_aBalbontín, José Antonio, _d1893-1977 _924853 |
| 651 | 7 |
_aEspaña- _xHistoria- _y1902-1931, Alfonso XIII- _vRelatos personales. _9144642 |
|
| 651 | 7 |
_aEspaña- _xHistoria- _y1931-1939, II República- _vRelatos personales. _98290 |
|
| 700 | 1 |
_aRubiales Torrejón, Javier. _9144644 |
|
| 700 | 1 |
_aLarrabide Achútegui, Aitor Luis. _970291 |
|
| 710 | 2 |
_aFundación Centro de Estudios Andaluces. _9144643 |
|
| 830 | 0 |
_aHistoria _9177536 |
|
| 852 |
_aES-MaACL _9186776 _bR.146942 _jA-11974 _dOlim: N-4979 _cDEPO1 |
||
| 942 |
_2udc _cMONOGRAFIA |
||
| 999 |
_c179875 _d179875 |
||